000 00652nam a22002057a 4500
999 _c9773
_d9773
003 AR-CdUCM
008 190328b ||||| |||| 00| 0 spa d
040 _aMUNICIPALIDAD PROVINCIAL DEL CUSCO
_cBIBLIOTECA MUNICIPAL DEL CUSCO
082 _a838.96 /
_bZ98 / 1941
100 _aZweig, Stefan
_910851
245 _aTres maestros :
_bBalzac - Dickens - Dostoiewski /
260 _aBuenos Aires :
_bTor,
_c1941.
300 _a190 páginas ;
_c18 cm.
505 _aContenido: Balzac -- Dickens -- Dostoiewski.
650 _aAutores franceses
_915808
650 _aBiografía
_922
700 _aKrohn, Juan G.
_926205
942 _2ddc
_cLIBROS
945 _aacv